| 000 | 00697nam a2200253Ia 4500 | ||
|---|---|---|---|
| 003 | OSt | ||
| 005 | 20220918222247.0 | ||
| 006 | a|||||r|||| 00| 0 | ||
| 007 | ta | ||
| 008 | 220917b |||||||| |||| 00| 0 eng d | ||
| 024 | _a216,281 | ||
| 037 | _cTextual | ||
| 040 |
_aARTS _cARTS _beng |
||
| 041 |
_2eng _aeng |
||
| 082 | _aR,(S:43), N9 | ||
| 100 |
_aScott Charles E. _9142672 |
||
| 245 | 0 | _aTime of memory | |
| 260 |
_aUSA _bState university of New York press _c1999 |
||
| 300 |
_axiv, 305p _ccm. |
||
| 490 | _aSuny series in contemporary continental philosophy | ||
| 650 | _aPHILOSOPHY | ||
| 942 |
_hR,(S:43), N9 _cTEXL _2CC |
||
| 999 |
_c275025 _d275025 |
||